The outward bound : (Record no. 3777)
[ view plain ]
| 000 -LEADER | |
|---|---|
| fixed length control field | 00686pam a2200253 i 4500 |
| 001 - CONTROL NUMBER | |
| control field | 5564830 |
| 003 - CONTROL NUMBER IDENTIFIER | |
| control field | OSt |
| 005 - DATE AND TIME OF LATEST TRANSACTION | |
| control field | 20181122160444.0 |
| 008 - FIXED-LENGTH DATA ELEMENTS--GENERAL INFORMATION | |
| fixed length control field | 791002s1980 miu b 00010 eng |
| 010 ## - LIBRARY OF CONGRESS CONTROL NUMBER | |
| LC control number | 79022927 |
| 020 ## - INTERNATIONAL STANDARD BOOK NUMBER | |
| International Standard Book Number | 0802818226 |
| 040 ## - CATALOGING SOURCE | |
| Transcribing agency | DLC |
| 050 0# - LIBRARY OF CONGRESS CALL NUMBER | |
| Classification number | BV600.2 |
| Item number | .E55 |
| 082 ## - DEWEY DECIMAL CLASSIFICATION NUMBER | |
| Classification number | 261.19 |
| Item number | E45O |
| 090 ## - LOCALLY ASSIGNED LC-TYPE CALL NUMBER (OCLC); LOCAL CALL NUMBER (RLIN) | |
| Classification number (OCLC) (R) ; Classification number, CALL (RLIN) (NR) | 236.6 |
| Local cutter number (OCLC) ; Book number/undivided call number, CALL (RLIN) | E45 |
| 100 10 - MAIN ENTRY--PERSONAL NAME | |
| Personal name | Eller, Vernard. |
| 245 14 - TITLE STATEMENT | |
| Title | The outward bound : |
| Remainder of title | caravaning as the style of the church / |
| Statement of responsibility, etc. | by Vernard Eller. |
| 260 0# - PUBLICATION, DISTRIBUTION, ETC. | |
| Place of publication, distribution, etc. | Grand Rapids, Mich. : |
| Name of publisher, distributor, etc. | Eerdmans, |
| Date of publication, distribution, etc. | c1980. |
| 300 ## - PHYSICAL DESCRIPTION | |
| Extent | 104 p. ; |
| Dimensions | 21 cm. |
| 504 ## - BIBLIOGRAPHY, ETC. NOTE | |
| Bibliography, etc. note | Includes bibliographical references. |
| 650 #0 - SUBJECT ADDED ENTRY--TOPICAL TERM | |
| Topical term or geographic name entry element | Church. |
| 650 #0 - SUBJECT ADDED ENTRY--TOPICAL TERM | |
| Topical term or geographic name entry element | Pastoral theology. |
| 942 ## - ADDED ENTRY ELEMENTS (KOHA) | |
| Source of classification or shelving scheme | Dewey Decimal Classification |
| Koha item type | Books |
| Withdrawn status | Lost status | Source of classification or shelving scheme | Damaged status | Not for loan | Collection code | Home library | Current library | Shelving location | Date acquired | Cost, normal purchase price | Total Checkouts | Full call number | Barcode | Date last seen | Price effective from | Koha item type |
|---|---|---|---|---|---|---|---|---|---|---|---|---|---|---|---|---|
| Dewey Decimal Classification | Not For Loan | Non-fiction | Harvest Mission College | Harvest Mission College | General Stacks | 22.11.2018 | 120.00 | 261.19 E45O | 004394 | 22.11.2018 | 22.11.2018 | Books |
